Ο αθωνικός μοναχισμός : αρχές και οργάνωση
Αποθηκεύτηκε σε:
| Κύριος συγγραφέας: | |
|---|---|
| Μορφή: | Βιβλίο |
| Γλώσσα: | Greek |
| Δημοσίευση: |
Αθήνα :
Μορφωτικό Ιδρυμα Εθνικής Τραπέζης,
1992, 2004.
|
| Θέματα: | |
| Ετικέτες: |
Προσθήκη ετικέτας
Δεν υπάρχουν, Καταχωρήστε ετικέτα πρώτοι!
|
MARC
| LEADER | 00000cam a2200000 i 4500 | ||
|---|---|---|---|
| 001 | 1/8086 | ||
| 008 | 960926s1992 gr | ||| |||| ||gre|| | ||
| 020 | |a 9602500573 | ||
| 035 | |l 10016967 | ||
| 040 | |a GR-MY-UA |b gre |e aacr | ||
| 041 | 0 | |a gre | |
| 082 | 0 | |a 281.9495 | |
| 100 | 1 | |a Παπαχρυσάνθου, Διονυσία. | |
| 245 | 1 | 2 | |a Ο αθωνικός μοναχισμός : |b αρχές και οργάνωση / |c Διονυσία Παπαχρυσάνθου. |
| 260 | |a Αθήνα : |b Μορφωτικό Ιδρυμα Εθνικής Τραπέζης, |c 1992, 2004. | ||
| 300 | |a 461 σ. |b χάρτες | ||
| 500 | |3 Το Παράρτημα Βιβλιοθήκης Λήμνου έχει την α' ανατύπωση του 2004. | ||
| 504 | |a Περιέχει ευρετήριο | ||
| 650 | 0 | 0 | |a Monasticism and religious orders |z Greece |z Athos |x History. |
| 852 | |a INST |b LEMNOS |c EUDOXUS |e 20210706 |h 281.9495 ΠΑΠ |p 005600003486 |q 005600003486 |t EDX |y 0 | ||
| 852 | |a INST |b LESVOS |e 19960926 |h 281.9495 ΠΑΠ |p 005100006397 |q 005100006397 |t BK |y 0 | ||
| 852 | |a INST |b LESVOS |e 19960926 |h 281.9495 ΠΑΠ |p 005100006398 |q 005100006398 |t BK |y 0 | ||
| 909 | |a Λ |b 026737 | ||
| 920 | |a Εύδοξος |b Παραγγελία |y Λήμνος-ΤΕΤΔ |z 2021-05 | ||
| 922 | |a 1ΕΛΗ |b 199311 |c Κιουσοπούλου | ||
| 922 | |a 1ΕΛΗ |b 199304 |c ΠΠ/3133 | ||